Tuna dan Uçan Kuş Gökkuş Diz (Record no. 657769)

MARC details
000 -LEADER
sabit uzunluktaki kontrol alanı 00253nam a2200097Ia 4500
001 - KONTROL NUMARASI
kontrol alanı 657769
005 - EN SON İŞLEMİN TARİH VE ZAMANI
kontrol alanı 20250826154622.0
008 - SABİT-UZUNLUKTA VERİ ÖĞELERİ--GENEL BİLGİ
sabit uzunluktaki kontrol alanı 250824s9999 xx 000 0 und d
245 #0 - ESER / YAZAR
ESER ADI Tuna dan Uçan Kuş Gökkuş Diz
Yazar Adı Gülten Dayıoğlu
260 ## - YAYIN, DAĞITIM, VB.
YAYIN EVİ ALTIN
Holdings
Düşüm durumu Kayıp durumu Hasar Durumu Ödünç verilmez Ana kütüphane Geçerli Kütüphane Edinilen tarih Toplam ödünç verme sayısı Barkod Son görüntüleme tarihi Fiyatın geçerli olmaya başladığı tarih Koha materyal türü
        REBİİ KARATEKİN ORTAOKULU REBİİ KARATEKİN ORTAOKULU 24.08.2025   101156 26.08.2025 26.08.2025 Books